000 00836nam a2200253 i 4500
003 DO-SdBNP
005 20250221094542.0
007 ta
008 250221b2012 dr ||||| |||| 00| 0 spa d
040 _aDO-SdBNP
_bspa
_cBNPHU
_erda
082 4 _axxx
_bZ39b
_222
100 _aZazo, Óscar,
_d1960-
_eautor
_4aut.
_974968
245 1 0 _aBuenaventura :
_bpaseo por la memoria de un guerrillero español /
_cOscar Zazo
250 _asegunda edición
264 1 _aSantiago, República Dominicana :
_bEdiciones Sociedarte,
_c2012.
300 _a249 páginas ;
_c21 cm.
336 _atexto
_btxt
_2rdacontent
337 _asin mediación
_bn
_2rdamedia
338 _avolumen
_bnc
_2rdacarrier
500 _aIncluye datos biográficos del autor en la contracubierta
590 _aInventariado, 2025/BT
910 _aBtavárez
942 _2ddc
_cLBS1
999 _c58167
_d58167